|
|
|
|
| LEADER |
00000cam a2200000 a 4500 |
| 001 |
vtls001115862 |
| 003 |
SK-MaSNL |
| 005 |
20260302020214.0 |
| 008 |
250313s1979 xo 000 0 slo |
| 015 |
|
|
|a SNBA1979
|
| 035 |
|
|
|a SNK000058705
|
| 035 |
|
|
|a urn:nbn:sk:snk-aml5vu
|
| 035 |
|
|
|a urn:nbn:sk:snk-am008v7s
|
| 035 |
|
|
|a EA65BD78-673D-4C04-9DEC-615A79C2CE10
|
| 040 |
|
|
|a SNK
|b slo
|c SNK
|e AACR2
|
| 041 |
0 |
|
|a slo
|
| 044 |
|
|
|a xo
|c SK
|
| 080 |
|
|
|a 658.511(075.8)
|2 1981
|
| 100 |
1 |
|
|a Rybár, Andrej
|4 aut
|9 279645
|
| 245 |
1 |
0 |
|a Technicko-ekonomické rozbory
|c Andrej Rybár, Eva Jakubcová
|
| 250 |
|
|
|a 1. vyd.
|
| 260 |
|
|
|a Bratislava
|b Alfa
|a S.l.
|b VŠT v Košiciach [vyd.]
|c 1979
|
| 300 |
|
|
|a 199 s., 16,48 AH
|b grafy., sch., tab.
|c 29 cm
|
| 366 |
|
|
|e 150 výt.
|
| 490 |
1 |
|
|a Dočasná vysokoškolská učebnica
|
| 504 |
|
|
|a Bibliogr.
|
| 650 |
0 |
7 |
|a ekonomika
|2 SNKPH
|9 789
|
| 650 |
0 |
7 |
|a metódy
|2 SNKPH
|9 3855
|
| 655 |
|
7 |
|a učebnice vysokých škôl
|2 SNKPH
|9 70191
|
| 700 |
1 |
|
|a Jakubcová, Eva,
|d 1941-
|4 aut
|9 40678
|
| 830 |
|
0 |
|a Dočasná vysokoškolská učebnica
|9 279156
|
| 852 |
|
|
|a Slovenská národná knižnica
|
| 958 |
|
|
|a OND
|
| 958 |
|
|
|a NB
|
| 958 |
|
|
|a TL
|
| 958 |
|
|
|a UV
|
| 999 |
|
|
|c 1024221
|d 1026151
|
| 952 |
|
|
|a SNK
|b SNK
|y PREZ
|7 0
|p 17A0971875
|o snkSB 28214
|i snkKSP 3641/79
|0 0
|1 0
|4 0
|d 2014-07-31
|f 1
|l 0
|r 2025-04-02 00:00:00
|w 2026-02-24
|